| 000 | 01584nam a2200385 a 4500 | ||
|---|---|---|---|
| 001 | ebr10585197 | ||
| 003 | CaPaEBR | ||
| 006 | m u | ||
| 007 | cr cn||||||||| | ||
| 008 | 720322s1971 ne sb 001 0 eng d | ||
| 010 | _z 73165150 | ||
| 020 | _z9789027918451 | ||
| 020 | _z9783110805031 (e-book) | ||
| 040 |
_aCaPaEBR _cCaPaEBR |
||
| 035 | _a(OCoLC)298821823 | ||
| 043 | _ae-ur--- | ||
| 050 | 1 | 4 |
_aPG3026.F6 _bT5 1971eb |
| 082 | 0 | 4 | _a801/.95 |
| 100 | 1 |
_aThompson, Ewa M. _q(Ewa Majewska), _d1937- |
|
| 245 | 1 | 0 |
_aRussian formalism and Anglo-American new criticism _h[electronic resource] : _ba comparative study / _cby Ewa M. Thompson. |
| 260 |
_aThe Hague : _bMouton, _c1971. |
||
| 300 | _a160 p. | ||
| 440 | 0 |
_aDe proprietatibus litterarum. _pSeries maior ; _v8 |
|
| 500 | _aOriginally presented as the author's thesis, Vanderbilt University. | ||
| 504 | _aIncludes bibliographical references and index. | ||
| 533 |
_aElectronic reproduction. _bPalo Alto, Calif. : _cebrary, _d2011. _nAvailable via World Wide Web. _nAccess may be limited to ebrary affiliated libraries. |
||
| 650 | 0 |
_aRussian literature _xHistory and criticism _xTheory, etc. |
|
| 650 | 0 |
_aCriticism _zGreat Britain _xHistory _y20th century. |
|
| 650 | 0 |
_aCriticism _zUnited States _xHistory _y20th century. |
|
| 650 | 0 | _aFormalism (Literary analysis) | |
| 650 | 0 | _aNew Criticism. | |
| 655 | 7 |
_aElectronic books. _2local |
|
| 710 | 2 | _aebrary, Inc. | |
| 856 | 4 | 0 |
_uhttp://site.ebrary.com/lib/rucke/Doc?id=10585197 _zAn electronic book accessible through the World Wide Web; click to view |
| 999 |
_c210947 _d210947 |
||